000 01159nam a2200301 a 4500
005 20200104041547.0
008 120307s2000 ck a gr 00010 spa d
020 _a9589679331
040 _aCO-BoBLA
_cCO-BoBLA
_dCO-BoIAVH
041 0 _aspa
044 _ack
082 0 4 _a631.51
_bC96a
245 0 0 _aCultivar sin arar :
_blabranza mínima de siembra directa en los Andes /
_crevisión Carlos E. Quintero Murillo [y otros 2]
260 _a[Bogotá?] :
_bProyecto Checua :
_bProyecto de Conservación de Suelo y Agua en la Zona Andina de Colombia,
_c2000.
300 _a146 páginas :
_bilustraciones a color ;
_c20 x 22 cm.
504 _aIncluye referencias bibliográficas.
650 2 6 _aLabranza.
_xTécnicas
650 2 6 _aAgricultura
650 2 6 _aAbonos
650 2 6 _aFertilizantes
650 2 6 _aAnálisis del suelo.
650 2 6 _aErosión
_xCausas
650 2 6 _aConservación de la naturaleza
700 1 _aQuintero Murillo, Carlos E.
_erevisión
700 1 _aOtero Beltrán, Wilson
_erevisión
700 1 _aDe la Rosa Cortés, Alberto
_erevisión
942 _2ddc
_cLIBRO
999 _c4078
_d4078